| 000 | 01229nam0a2200325 4500 | ||
|---|---|---|---|
| 001 | RU\NLR\BIBL_A\022597297 | ||
| 005 | 20251120164839.0 | ||
| 010 |
_a978-5-907787-56-8 _91000 |
||
| 021 |
_aRU _bКН-П-25-034854 _9КН-П-25-3441 |
||
| 035 | _a(NLR Aleph) 022597297 | ||
| 090 |
_a13464759 _c13464759 |
||
| 100 | _a20250806d2025 u y0rusy50 ca | ||
| 101 | 0 | _arus | |
| 102 | _aRU | ||
| 105 | _aa z 000zy | ||
| 181 | 0 |
_ai3 _baxxe |
|
| 182 | 0 | _an | |
| 200 | 1 |
_aСчастье как норма _eкнига о том, как строить взаимоотношения с миром _fОльга Ковкина |
|
| 203 |
_aТекст _bвизуальный _cнепосредственный |
||
| 210 |
_aМосква _cWriter's Way _d2025 |
||
| 215 |
_a189, [2] с. _cил. _d22 |
||
| 320 | _aБиблиогр. в подстроч. примеч. | ||
| 333 | _a16+ | ||
| 606 | 1 |
_aКонсультативная психология _jПопулярные издания _2nlr_sh1 _2nlr_sh2 _3RU\NLR\AUTH\66571704 |
|
| 686 | 1 | _aЮ949.2я9 | |
| 700 | 1 |
_aКовкина _bО. А. _gОльга Анатольевна |
|
| 942 | _cBOOK | ||
| 980 | _aNB | ||